000 00551nam a2200181 4500
001 5601
005 20230410115603.0
008 060907n1994 dr spa
020 _a9683639275
035 _9funglode5649
041 _aES
050 1 4 _aHF 1480.5 N964 1994
245 0 _aNuevo orden mundial :
_breto para la inserción de América Latina /
_cAlfredo Guerra Borges, coordinador
260 _aMexico :
_bInstituto de Investigaciones Económicas,
_c1994
300 _a219 p.
700 _aGuerra-Borges, Alfredo
942 _2lcc
_cbk
999 _c44151
_d44151